An Otago Storeman in Solomon Islands (Record no. 350988)
[ view plain ]
| 000 -LEADER | |
|---|---|
| fixed length control field | 00609nam a2200121Ia 4500 |
| 008 - FIXED-LENGTH DATA ELEMENTS--GENERAL INFORMATION | |
| fixed length control field | 171212s9999 xx 000 0 und d |
| 020 ## - INTERNATIONAL STANDARD BOOK NUMBER | |
| International Standard Book Number | 9781922144201 |
| 245 ## - TITLE STATEMENT | |
| Statement of responsibility, etc | editor Bayliss-Smith, Tim;Bennett, Judith A. |
| Title | An Otago Storeman in Solomon Islands |
| Remainder of title | The diary of William Crossan, copra trader, 1885-86 |
| 260 ## - PUBLICATION, DISTRIBUTION, ETC. (IMPRINT) | |
| Name of publisher, distributor, etc | ANU E Press |
| Date of publication, distribution, etc | 2012 |
| 650 ## - SUBJECT ADDED ENTRY--TOPICAL TERM | |
| Topical term or geographic name as entry element | Crossan, William; Copra industry -- Solomon Islands -- History; Merchants -- New Zealand -- Biography; New Zealand -- History -- 19th century; Solomon Islands -- History -- 19th century |
| 650 ## - SUBJECT ADDED ENTRY--TOPICAL TERM | |
| Topical term or geographic name as entry element | History |
| 856 ## - ELECTRONIC LOCATION AND ACCESS | |
| Uniform Resource Identifier | <a href="www.jstor.org/stable/10.2307/j.ctt24hb4r">www.jstor.org/stable/10.2307/j.ctt24hb4r</a> |
| Withdrawn status | Lost status | Damaged status | Home library | Current library | Date acquired | Total Checkouts | Date last seen | Price effective from | Koha item type |
|---|---|---|---|---|---|---|---|---|---|
| College Library | College Library | 12/12/2017 | 12/12/2017 | 12/12/2017 | Curriculum - Based eBooks |